| 000 | 00680nam a2200253Ia 4500 | ||
|---|---|---|---|
| 003 | OSt | ||
| 005 | 20220925223049.0 | ||
| 006 | a|||||r|||| 00| 0 | ||
| 007 | ta | ||
| 008 | 220923b |||||||| |||| 00| 0 eng d | ||
| 020 | _a0415142377 | ||
| 037 | _cGeneral Book | ||
| 040 |
_aRTL _cRTL _beng |
||
| 041 |
_2eng _aeng |
||
| 082 | _aU8obX, N9 | ||
| 100 |
_aFennell David A _9288885 |
||
| 245 | 0 |
_aEcotourism _b An introduction |
|
| 260 |
_aLondon _bRoutledge _c1999 |
||
| 300 |
_axx, 315p Bibliography: P 283-310 _ccm. |
||
| 650 | _a Geography | ||
| 650 | _aTravel | ||
| 942 |
_hU8obX, N9 _cGB _2CC |
||
| 999 |
_c578543 _d578543 |
||